Martha Maxwell, Rocky Mountain naturalist /

Bibliographic Details
Main Author: Benson, Maxine
Format: Book
Language:English
Published: Lincoln : University of Nebraska Press, [1986]
Series:Women in the West.
Subjects:

MARC

Tag First Indicator Second Indicator Subfields
LEADER 00000pam a2200000 a 4500
001 in00000584721
005 20151014074300.0
008 860312s1986 nbuaf b s00110beng
010 |a  86006936  
020 |a 0803211929 (alk. paper) :  |c $23.95 
020 |z 0521307104 (alk. paper) 
035 |a (OCoLC)13358333 
035 |9 ACP5793AM 
040 |a DLC  |c DLC  |d m/c  |d TXA  |d UtOrBLW 
043 |a nr----- 
049 |a TXAM  |c [A10105299] 
050 0 0 |a QH31.M36  |b B46 1986 
082 0 |a 508/.092/4  |a B  |2 19 
100 1 |a Benson, Maxine. 
245 1 0 |a Martha Maxwell, Rocky Mountain naturalist /  |c Maxine Benson. 
264 1 |a Lincoln :  |b University of Nebraska Press,  |c [1986] 
264 4 |c ©1986 
300 |a xix, 335 pages, 16 unnumbered pages of plates :  |b illustrations ;  |c 23 cm. 
336 |a text  |b txt  |2 rdacontent 
337 |a unmediated  |b n  |2 rdamedia 
338 |a volume  |b nc  |2 rdacarrier 
490 1 |a Women in the West 
500 |a Includes index. 
504 |a Bibliography: pages [305]-322. 
600 1 0 |a Maxwell, Martha,  |d 1831-1881. 
650 0 |a Mammals  |x Collection and preservation  |z Rocky Mountains Region. 
650 0 |a Birds  |x Collection and preservation  |z Rocky Mountains Region. 
650 0 |a Naturalists  |z Colorado  |x Biography. 
650 0 |a Taxidermists  |z Colorado  |x Biography. 
830 0 |a Women in the West. 
999 |a MARS 
999 f f |s 607650d0-abab-3907-8e24-8972cb8a1114  |i 2c264e11-b234-3c54-9082-04ee20306bd2  |t 0 
952 f f |p ric  |a Texas A&M University  |b Rellis Campus  |c Joint Library Facility  |d Remote Storage  |t 0  |e QH31.M36 B46 1986  |h Library of Congress classification  |i unmediated -- volume  |m A14810105299 
998 f f |a QH31.M36 B46 1986  |t 0  |l Remote Storage